Quiz sulle Bandiere dell'Africa - Scelta Multipla - Statistics

Statistiche generali
  • Questo quiz è stato fatto 58 volte
  • Il punteggio medio è 48 su 54
Statistiche sulle risposte
Domanda Risposta % Corretto
Algeria
100%
Angola
100%
Capo Verde
98%
Repubblica Centrafricana
98%
Egitto
98%
Botswana
96%
Burkina Faso
96%
Etiopia
96%
Liberia
96%
Marocco
96%
Niger
96%
Gambia
94%
Guinea-Bissau
94%
Kenya
94%
Madagascar
94%
Somalia
94%
Sudafrica
94%
Benin
92%
Repubblica Democratica del Congo
92%
Gabon
92%
Lesotho
92%
Malawi
92%
Mauritania
92%
Nigeria
92%
Rwanda
92%
Burundi
90%
Gibuti
90%
Guinea Equatoriale
90%
Eswatini
90%
Libia
90%
Uganda
90%
Camerun
88%
Comore
88%
Repubblica del Congo
88%
Ghana
88%
Seychelles
88%
Sierra Leone
88%
Tunisia
88%
Mauritius
86%
Namibia
86%
Senegal
86%
Ciad
84%
Eritrea
84%
Tanzania
84%
Zambia
84%
Costa d'Avorio
82%
Togo
82%
Mozambico
80%
São Tomé e Príncipe
78%
Sud Sudan
78%
Zimbabwe
78%
Mali
73%
Sudan
73%
Guinea
61%
Nessun quiz corrispondente trovato
Distribuzione punteggi
Percentuale di utenti per punteggio
Percentile per numero di risposta
I tuoi punteggi nel tempo
Non hai fatto questo quiz